[Event "23rd Reykjavik op"]
[Site "Reykjavik ISL"]
[Date "2008.03.03"]
[Round "1.3"]
[White "Lagerman, Robert"]
[Black "Mikhalevski, Victor"]
[WhiteElo "2348"]
[BlackElo "2632"]
[Result "0-1"]
[EventDate "2008.03.03"]
[PlyCount "132"]

1.e4 e5 2.Nf3 Nc6 3.d4 exd4 4.Nxd4 Nf6 5.Nc3 Bb4 6.Nxc6 bxc6 7.Bd3 O-O 8.
O-O d5 9.exd5 cxd5 10.Bg5 c6 11.Qf3 Bd6 12.Rae1 Rb8 13.Ne2 Rxb2 14.Nd4 Rb6
15.Nf5 c5 16.Qh3 Bxf5 17.Qxf5 Qd7 18.Bxf6 Qxf5 19.Bxf5 gxf6 20.Rd1 Rd8 21.
f4 d4 22.Rd3 c4 23.Rg3+ Kh8 24.Rh3 Bc5 25.Kh1 Rdb8 26.Rxh7+ Kg8 27.Rh3 Rb1
28.Rf3 R8b2 29.h4 d3 30.cxd3 c3 31.d4 Rxf1+ 32.Rxf1 Bxd4 33.Rd1 Be3 34.
Rd8+ Kg7 35.Rc8 Bd2 36.g4 Rxa2 37.Rc7 Bxf4 38.Rxc3 Rh2+ 39.Kg1 Rxh4 40.Rc4
Be5 41.Kg2 Rh2+ 42.Kf3 Rb2 43.Ra4 Rb7 44.Ke4 Rc7 45.Ra3 Bc3 46.Ra6 Be1 47.
Kd5 Bf2 48.Kd6 Rc5 49.Ra2 Be3 50.Ra3 Re5 51.Ra4 Kh6 52.Re4 Kg5 53.Rxe5 Bf4
54.Ke7 fxe5 55.Kxf7 a5 56.Ke6 a4 57.Kd5 a3 58.Bb1 Kxg4 59.Ke4 Kg3 60.Ba2 
Kf2 61.Kd3 Bg5 62.Ke4 Bf6 63.Kd3 Kf3 64.Bd5+ Kf4 65.Ke2 e4 66.Ba2 Ke5 0-1

[Event "23rd Reykjavik op"]
[Site "Reykjavik ISL"]
[Date "2008.03.04"]
[Round "2.35"]
[White "Sanchez Castillo, Sarai"]
[Black "Thorgeirsson, Sverrir"]
[WhiteElo "2312"]
[BlackElo "2120"]
[Result "1/2-1/2"]
[EventDate "2008.03.03"]
[PlyCount "79"]

1.e4 c5 2.Nf3 e6 3.Nc3 a6 4.a4 d5 5.exd5 exd5 6.d4 c4 7.Qe2+ Be7 8.Bg5 Be6
9.Bxe7 Nxe7 10.Ng5 Bf5 11.g4 Bg6 12.Bg2 Nc6 13.O-O-O O-O 14.f4 Nb4 15.Rd2 
Nec6 16.Nf3 Re8 17.Qd1 f6 18.f5 Bf7 19.h4 b5 20.Re2 Rxe2 21.Qxe2 bxa4 22.
g5 Qa5 23.gxf6 a3 24.bxa3 Qxa3+ 25.Kd2 Nxc2 26.Rb1 Re8 27.Ne5 Nxe5 28.dxe5
d4 29.Nd5 Qa2 30.Ne7+ Rxe7 31.Rb8+ Re8 32.Rxe8+ Bxe8 33.Bd5+ Bf7 34.Bxf7+ 
Kxf7 35.Qh5+ Kf8 36.fxg7+ Kxg7 37.Qg5+ Kf8 38.Qd8+ Kg7 39.Qe7+ Kg8 40.Qe6+
1/2-1/2

[Event "23rd Reykjavik op"]
[Site "Reykjavik ISL"]
[Date "2008.03.05"]
[Round "3.4"]
[White "Tania, Sachdev"]
[Black "Kveinys, Aloyzas"]
[WhiteElo "2417"]
[BlackElo "2521"]
[Result "1/2-1/2"]
[EventDate "2008.03.03"]
[PlyCount "54"]

1.d4 Nf6 2.c4 e6 3.Nf3 d5 4.Nc3 Nbd7 5.cxd5 exd5 6.Bg5 c6 7.e3 Be7 8.Bd3 
Nf8 9.Qc2 Ne6 10.Bh4 g6 11.O-O Ng7 12.Ne5 Bf5 13.f3 Bxd3 14.Qxd3 O-O 15.
Rad1 Nd7 16.Nxd7 Qxd7 17.Bxe7 Qxe7 18.e4 dxe4 19.fxe4 Rad8 20.d5 Qe5 21.
Qc4 cxd5 22.Nxd5 Kh8 23.Qb4 f5 24.exf5 Nxf5 25.Rfe1 Qg7 26.Rf1 Qe5 27.Qxb7
Ng7 1/2-1/2

[Event "23rd Reykjavik op"]
[Site "Reykjavik ISL"]
[Date "2008.03.05"]
[Round "3.8"]
[White "Malakhatko, Vadim"]
[Black "Malisauskas, Vidmantas"]
[WhiteElo "2600"]
[BlackElo "2489"]
[Result "1/2-1/2"]
[EventDate "2008.03.03"]
[PlyCount "52"]

1.c4 g6 2.Nc3 c5 3.g3 Bg7 4.Bg2 Nc6 5.Nf3 d6 6.d3 Rb8 7.Rb1 a6 8.a4 Nf6 9.
O-O O-O 10.Ne1 Bd7 11.Nc2 Nb4 12.Nxb4 cxb4 13.Ne4 Nxe4 14.Bxe4 b5 15.axb5 
axb5 16.b3 bxc4 17.dxc4 Qa5 18.Bb2 Bxb2 19.Rxb2 Rb6 20.Rb1 Qe5 21.Qd5 Qxd5
22.Bxd5 Bf5 23.Rb2 Ra6 24.f4 Ra3 25.Bb7 Rb8 26.Bf3 Bh3 1/2-1/2

[Event "23rd Reykjavik op"]
[Site "Reykjavik ISL"]
[Date "2008.03.05"]
[Round "3.11"]
[White "Stefansson, Hannes"]
[Black "Simutowe, Amon"]
[WhiteElo "2564"]
[BlackElo "2457"]
[Result "1-0"]
[EventDate "2008.03.03"]
[PlyCount "66"]

1.d4 Nf6 2.c4 e6 3.Nc3 Bb4 4.Qc2 O-O 5.a3 Bxc3+ 6.Qxc3 Ne4 7.Qc2 f5 8.Nh3 
b6 9.f3 Nf6 10.e3 c5 11.d5 exd5 12.cxd5 d6 13.Bd3 g6 14.Nf4 Qe7 15.h4 Nbd7
16.Bd2 Ne5 17.O-O-O Bd7 18.Rh3 c4 19.Be2 Rfc8 20.Bc3 a5 21.h5 g5 22.Rg3 h6
23.Ne6 Bxe6 24.dxe6 Qxe6 25.f4 Nd3+ 26.Rxd3 cxd3 27.Bxd3 Rc5 28.fxg5 hxg5 
29.Rxg5+ Kf7 30.Rxf5 Qxe3+ 31.Kb1 Rxf5 32.Bxf5 Ke7 33.Qb3 Qe2 1-0

[Event "23rd Reykjavik op"]
[Site "Reykjavik ISL"]
[Date "2008.03.05"]
[Round "3.12"]
[White "Adly, Ahmed"]
[Black "Nyzhnyk, Illya"]
[WhiteElo "2551"]
[BlackElo "2405"]
[Result "1-0"]
[EventDate "2008.03.03"]
[PlyCount "105"]

1.Nf3 Nf6 2.g3 b5 3.Bg2 Bb7 4.O-O e6 5.d3 d6 6.e4 Nbd7 7.Nbd2 c5 8.c3 Be7 
9.Qe2 O-O 10.d4 a6 11.e5 dxe5 12.dxe5 Nd5 13.h4 Qc7 14.h5 c4 15.h6 g6 16.
Rd1 Rfd8 17.Nf1 b4 18.Rd4 bxc3 19.Rxc4 Qa5 20.Bg5 cxb2 21.Qxb2 Qb5 22.Qd4 
Rdc8 23.Rxc8+ Rxc8 24.Bxe7 Nxe7 25.N1d2 Nf5 26.Qf4 Qb2 27.Rf1 Bxf3 28.Nxf3
Nb6 29.Nh2 Nd7 30.Ng4 Qd4 31.Qxd4 Nxd4 32.Rd1 Rc4 33.f4 f5 34.exf6 Kf7 35.
Ne5+ Nxe5 36.fxe5 Rc1 37.Rxc1 Ne2+ 38.Kf2 Nxc1 39.Bf1 Nxa2 40.Bxa6 Nb4 41.
Bb5 Nd5 42.Kf3 Nc3 43.Bc6 Nd1 44.Ke2 Nc3+ 45.Kd3 Nd1 46.Bf3 Nb2+ 47.Kd4 
Na4 48.Bc6 Nb2 49.Bb5 Nd1 50.Be2 Nb2 51.Kc5 Na4+ 52.Kd6 Nc3 53.Bd3 1-0

[Event "23rd Reykjavik op"]
[Site "Reykjavik ISL"]
[Date "2008.03.05"]
[Round "3.16"]
[White "Danielsen, Henrik"]
[Black "Srinath, Narayanan"]
[WhiteElo "2506"]
[BlackElo "2210"]
[Result "1/2-1/2"]
[EventDate "2008.03.03"]
[PlyCount "94"]

1.g3 e5 2.c4 g6 3.Bg2 Bg7 4.Nc3 d6 5.e4 Nc6 6.Nge2 Nge7 7.d3 Be6 8.Nd5 h6 
9.O-O Qd7 10.Rb1 f5 11.b4 O-O 12.b5 Nd8 13.Be3 c6 14.bxc6 bxc6 15.Nxe7+ 
Qxe7 16.Qd2 fxe4 17.Bxe4 d5 18.cxd5 cxd5 19.Bg2 Nf7 20.d4 g5 21.dxe5 Nxe5 
22.Nd4 Nc4 23.Qd3 Nxe3 24.Qxe3 Bxd4 25.Qxd4 Qg7 26.Rfd1 Qxd4 27.Rxd4 Rac8 
28.Re1 Rf6 29.h4 Kf7 30.hxg5 hxg5 31.Bxd5 Bxd5 32.Rxd5 Rc2 33.Rf1 Kg6 34.
Ra5 a6 35.Ra4 Kh5 36.g4+ Kh4 37.Kg2 Rf4 38.Rxf4 gxf4 39.Kf3 Kg5 40.Rd1 
Rc3+ 41.Ke4 Ra3 42.Rd8 Ra4+ 43.Kf3 Ra3+ 44.Ke4 Ra4+ 45.Kf3 Ra3+ 46.Ke4 
Ra4+ 47.Kf3 Ra3+ 1/2-1/2

[Event "23rd Reykjavik op"]
[Site "Reykjavik ISL"]
[Date "2008.03.05"]
[Round "3.19"]
[White "Miezis, Normunds"]
[Black "Johannesson, Ingvar Thor"]
[WhiteElo "2553"]
[BlackElo "2338"]
[Result "1-0"]
[EventDate "2008.03.03"]
[PlyCount "99"]

1.c4 e5 2.g3 Nc6 3.Bg2 Nf6 4.Nc3 Bb4 5.e4 Bxc3 6.dxc3 d6 7.Qe2 Be6 8.Nf3 
h6 9.Nd2 Qd7 10.h3 Nh7 11.f4 exf4 12.gxf4 f6 13.Nf3 Qf7 14.b3 O-O-O 15.Nd4
Bd7 16.Be3 Rhe8 17.O-O-O f5 18.Nxf5 Bxf5 19.exf5 Qxf5 20.Qd3 Qxd3 21.Rxd3 
Nf6 22.Rg1 Re7 23.h4 Rf8 24.Bf3 Kb8 25.b4 Nd7 26.Kc2 Nb6 27.Kb3 Nd7 28.Bd2
Nd8 29.Re3 Rxe3 30.Bxe3 Rf7 31.Bd5 Re7 32.Bd4 c6 33.Bg8 g5 34.fxg5 hxg5 
35.Rxg5 c5 36.bxc5 dxc5 37.Bxc5 Nxc5+ 38.Rxc5 Nc6 39.Rg5 Re2 40.Bd5 Na5+ 
41.Ka3 Rh2 42.h5 b6 43.c5 bxc5 44.Ka4 Nb7 45.Rg8+ Kc7 46.Rg7+ Kb6 47.Rxb7+
Ka6 48.Rb1 Rh4+ 49.c4 Rxh5 50.Bb7# 1-0

[Event "23rd Reykjavik op"]
[Site "Reykjavik ISL"]
[Date "2008.03.05"]
[Round "3.20"]
[White "Grover, Sahaj"]
[Black "Nataf, Igor-Alexandre"]
[WhiteElo "2242"]
[BlackElo "2552"]
[Result "1/2-1/2"]
[EventDate "2008.03.03"]
[PlyCount "162"]

1.e4 c5 2.Nf3 Nc6 3.d4 cxd4 4.Nxd4 e5 5.Nb5 d6 6.N1c3 a6 7.Na3 Be6 8.Nc4 
Rb8 9.Nd5 Bxd5 10.exd5 Nce7 11.Be2 Nf6 12.Ne3 g6 13.O-O Bg7 14.c4 O-O 15.
b4 Nd7 16.Ba3 b6 17.Rc1 Rc8 18.c5 bxc5 19.bxc5 dxc5 20.d6 Nc6 21.Bxa6 Rb8 
22.Qd5 Rb6 23.Bb5 Nb4 24.Bxb4 Rxb5 25.Bc3 Qa8 26.Qc4 Rb6 27.Rfd1 Kh8 28.a4
f5 29.a5 Ra6 30.Qb5 Rf7 31.Nc4 e4 32.Bxg7+ Kxg7 33.Rb1 Ra7 34.Qb2+ Kg8 35.
Ne5 Nxe5 36.Qxe5 Qd8 37.Qe6 Kg7 38.Qe5+ Kg8 39.Qxc5 Rxa5 40.Rb8 Rxc5 41.
Rxd8+ Kg7 42.h4 Kh6 43.Re8 Rd7 44.Re7 Rxe7 45.dxe7 Re5 46.Rd7 Kh5 47.g3 
Kh6 48.Kg2 g5 49.hxg5+ Kxg5 50.f4+ exf3+ 51.Kxf3 Re6 52.Rd5 h5 53.Rd7 Kf6 
54.Rd6 Kxe7 55.Rxe6+ Kxe6 56.Kf4 Kf6 57.Kf3 Kg5 58.Kf2 Kh6 59.Kf3 Kg7 60.
Ke3 Kf7 61.Kf3 Ke6 62.Kf4 Kf6 63.Kf3 Kg5 64.Kf2 h4 65.gxh4+ Kxh4 66.Kf3 
Kg5 67.Kg3 Kg6 68.Kf4 Kf6 69.Kf3 Ke5 70.Ke3 f4+ 71.Kf3 Kf5 72.Kf2 Kf6 73.
Kf3 Kg5 74.Kf2 Kg4 75.Kg2 f3+ 76.Kf2 Kf4 77.Kf1 Kg5 78.Kf2 Kg4 79.Kf1 Kg3 
80.Kg1 f2+ 81.Kf1 Kf3 1/2-1/2

[Event "23rd Reykjavik op"]
[Site "Reykjavik ISL"]
[Date "2008.03.05"]
[Round "3.21"]
[White "Kjartansson, David"]
[Black "Jankovic, Alojzije"]
[WhiteElo "2288"]
[BlackElo "2541"]
[Result "0-1"]
[EventDate "2008.03.03"]
[PlyCount "96"]

1.e4 c5 2.Nf3 Nc6 3.d4 cxd4 4.Nxd4 Nf6 5.Nc3 d6 6.Bc4 Qb6 7.Nb3 e6 8.Bf4 
Ne5 9.Be2 a6 10.Qd2 Qc7 11.f3 b5 12.O-O-O b4 13.Na4 Rb8 14.Qd4 Nxf3 15.
gxf3 e5 16.Qc4 Qxc4 17.Bxc4 exf4 18.Nd4 Bd7 19.b3 a5 20.Rhe1 Bxa4 21.bxa4 
Nd7 22.Bb5 f6 23.Nc6 Rb6 24.Nxa5 Ke7 25.Nc4 Rb8 26.Rxd6 Ne5 27.Nxe5 fxe5 
28.Red1 h5 29.Bc4 Rh6 30.Rxh6 gxh6 31.Rd5 Kf6 32.a5 Rc8 33.Bd3 Bc5 34.a6 
Bg1 35.h3 Bd4 36.Rd6+ Kg5 37.Kd2 Kh4 38.Rxh6 Kg3 39.Rxh5 Kxf3 40.Be2+ Kxe4
41.Rh7 Bc3+ 42.Kc1 Ke3 43.Bg4 Rf8 44.Ra7 e4 45.Be6 f3 46.Rf7 Rxf7 47.Bxf7 
Bd4 48.h4 f2 0-1

[Event "23rd Reykjavik op"]
[Site "Reykjavik ISL"]
[Date "2008.03.05"]
[Round "3.22"]
[White "Bojkov, Dejan"]
[Black "Bjornsson, Sigurbjorn"]
[WhiteElo "2523"]
[BlackElo "2286"]
[Result "1/2-1/2"]
[EventDate "2008.03.03"]
[PlyCount "66"]

1.e4 c5 2.c3 d5 3.exd5 Qxd5 4.d4 cxd4 5.cxd4 g6 6.Nc3 Qa5 7.Bc4 Bg7 8.Qb3 
e6 9.Nf3 Ne7 10.O-O O-O 11.Bg5 Nbc6 12.Ne4 Nf5 13.d5 exd5 14.Bxd5 Ncd4 15.
Nxd4 Nxd4 16.Qc4 Be6 17.Bxe6 Nxe6 18.Bf6 Rac8 19.Qb3 Bxf6 20.Nxf6+ Kg7 21.
Ne4 Nd4 22.Qh3 Rc2 23.Rad1 Qe5 24.Nc3 Ne2+ 25.Nxe2 Rxe2 26.Qa3 a6 27.b3 
Rc8 28.Qb4 Rxa2 29.Qxb7 Rcc2 30.Qf3 Rab2 31.Rd3 Re2 32.g3 Qf6 33.h4 h5 
1/2-1/2

[Event "23rd Reykjavik op"]
[Site "Reykjavik ISL"]
[Date "2008.03.05"]
[Round "3.23"]
[White "Bjarnason, Saevar"]
[Black "Perunovic, Miodrag"]
[WhiteElo "2226"]
[BlackElo "2440"]
[Result "0-1"]
[EventDate "2008.03.03"]
[PlyCount "96"]

1.e4 c6 2.d4 d5 3.exd5 cxd5 4.c4 Nf6 5.Nc3 e6 6.Nf3 Be7 7.Bg5 dxc4 8.Bxc4 
O-O 9.O-O Nc6 10.a3 b6 11.Qd3 Bb7 12.Rad1 Rc8 13.Rfe1 Nd5 14.Bxd5 Bxg5 15.
Be4 h6 16.d5 exd5 17.Bxd5 Rc7 18.Qe4 Qf6 19.Qg4 Bc8 20.Qc4 Bf4 21.Ne4 Qg6 
22.Nh4 Qg4 23.Bxc6 Qxh4 24.g3 Qg4 25.Nc3 Bxg3 26.Qxg4 Bxg4 27.Nd5 Bxd1 28.
fxg3 Bf3 29.Nxc7 Bxc6 30.Rc1 Bd7 31.Nd5 Bh3 32.Rc7 Rd8 33.Nf4 Bf5 34.Rxa7 
g5 35.Nh5 Rd1+ 36.Kf2 Rd2+ 37.Ke3 Rxb2 38.h4 Rb3+ 39.Kd4 Be6 40.Ke5 Rb5+ 
41.Kf6 Rf5+ 42.Ke7 gxh4 43.Nf6+ Kg7 44.Ne8+ Kg6 45.gxh4 Ra5 46.Rb7 Rxa3 
47.Rxb6 Ra2 48.Rb4 Ra3 0-1

[Event "23rd Reykjavik op"]
[Site "Reykjavik ISL"]
[Date "2008.03.05"]
[Round "3.24"]
[White "Gunnarsson, Jon Viktor"]
[Black "Hagesaether, Ellen"]
[WhiteElo "2429"]
[BlackElo "2234"]
[Result "1-0"]
[EventDate "2008.03.03"]
[PlyCount "123"]

1.e4 d6 2.d4 Nf6 3.Nc3 g6 4.f4 Bg7 5.Nf3 O-O 6.Bd3 Nc6 7.e5 dxe5 8.fxe5 
Nd5 9.Nxd5 Qxd5 10.c3 Bg4 11.O-O Rad8 12.Qb3 Qxb3 13.axb3 Nxe5 14.Nxe5 
Bxe5 15.Be4 Bg7 16.Bxb7 Be6 17.b4 Bc4 18.Re1 e5 19.dxe5 Rfe8 20.Bf4 h6 21.
h4 Re7 22.Bf3 a6 23.Be2 Bxe2 24.Rxe2 Re6 25.Rae1 Bf8 26.Kh2 Kg7 27.Re4 Be7
28.Kh3 g5 29.hxg5 hxg5 30.Bg3 Kg6 31.Rc4 Rd7 32.Kg4 Bd8 33.Ree4 c6 34.Rcd4
Rde7 35.Kf3 Bc7 36.Rc4 a5 37.bxa5 Bxa5 38.Bf2 Rb7 39.b4 Bc7 40.Bd4 Rb5 41.
g4 Kg7 42.Rc5 Rxc5 43.Bxc5 Kg6 44.Bd4 Re8 45.Ke3 Re6 46.Kd3 Kh7 47.Re2 Kg8
48.Ke4 Kf8 49.Kf5 Bd8 50.Rh2 Rg6 51.c4 Ke7 52.Ra2 Bc7 53.Ra7 Kd8 54.Ra8+ 
Ke7 55.Bc5+ Kd7 56.Rf8 Rg7 57.b5 cxb5 58.cxb5 Ba5 59.b6 Kc6 60.Rc8+ Kb7 
61.Rc7+ Kb8 62.Bd6 1-0

[Event "23rd Reykjavik op"]
[Site "Reykjavik ISL"]
[Date "2008.03.05"]
[Round "3.25"]
[White "Ingvason, Johann"]
[Black "Thorfinnsson, Bragi"]
[WhiteElo "2105"]
[BlackElo "2406"]
[Result "0-1"]
[EventDate "2008.03.03"]
[PlyCount "84"]

1.e4 c5 2.Nf3 g6 3.d4 cxd4 4.Nxd4 Nc6 5.Be3 Nf6 6.Nc3 d6 7.Bc4 Ng4 8.Nxc6 
bxc6 9.Bg5 Qb6 10.O-O Qc5 11.h3 Qxg5 12.hxg4 Bxg4 13.f3 Qc5+ 14.Rf2 Qxc4 
15.fxg4 Bg7 16.Ne2 Qxe4 17.c3 Qxg4 18.Qb3 O-O 19.Raf1 Rab8 20.Qa3 Qd7 21.
b4 Rb5 22.Qb3 e6 23.c4 Rf5 24.Rxf5 gxf5 25.Nf4 Be5 26.Nh3 Kh8 27.Qe3 Qe7 
28.Rd1 f6 29.c5 d5 30.a4 Rg8 31.b5 d4 32.Qf2 cxb5 33.Rc1 bxa4 34.Nf4 Bxf4 
35.Qxf4 Qg7 36.Rc2 Qg4 37.Qh6 Qg5 38.Qh2 d3 39.Rf2 Qc1+ 40.Rf1 Qxc5+ 41.
Kh1 Qe5 42.Qh4 Qg3 0-1

[Event "23rd Reykjavik op"]
[Site "Reykjavik ISL"]
[Date "2008.03.05"]
[Round "3.27"]
[White "Vasilevich, Tatjana"]
[Black "Brynjarsson, Helgi"]
[WhiteElo "2370"]
[BlackElo "1914"]
[Result "1-0"]
[EventDate "2008.03.03"]
[PlyCount "71"]

1.d4 d5 2.c4 dxc4 3.Nf3 Nf6 4.e3 a6 5.a4 Bg4 6.Bxc4 e6 7.Nc3 Nc6 8.O-O Bd6
9.Be2 O-O 10.h3 Bh5 11.Qb3 Bg6 12.Bd2 Nb4 13.e4 Rb8 14.e5 Nc2 15.Rad1 Nxd4
16.Nxd4 Bxe5 17.Nf3 Bd6 18.Bg5 h6 19.Bh4 Qe8 20.Bxf6 gxf6 21.Rfe1 Kg7 22.
Qc4 Qe7 23.Nh4 f5 24.g3 Rbd8 25.Bf3 c6 26.Bg2 Bb4 27.Nf3 a5 28.Ne5 Qc7 29.
Qe2 Rxd1 30.Rxd1 Rd8 31.Nc4 Rxd1+ 32.Qxd1 b5 33.axb5 Bxc3 34.b6 Qb7 35.
bxc3 f6 36.Qd6 1-0

[Event "23rd Reykjavik op"]
[Site "Reykjavik ISL"]
[Date "2008.03.05"]
[Round "3.28"]
[White "Zozulia, Anna"]
[Black "Kristinsson, Bjarni Jens"]
[WhiteElo "2344"]
[BlackElo "1822"]
[Result "1/2-1/2"]
[EventDate "2008.03.03"]
[PlyCount "102"]

1.e4 c5 2.Nf3 d6 3.c3 Nf6 4.Bd3 Nc6 5.Bc2 Bg4 6.h3 Bxf3 7.Qxf3 g6 8.O-O 
Bg7 9.d3 O-O 10.Nd2 b5 11.Qe2 b4 12.Nc4 Rc8 13.Bd2 d5 14.Ne3 e6 15.a3 bxc3
16.bxc3 c4 17.exd5 cxd3 18.Qxd3 Nxd5 19.Nxd5 Qxd5 20.Qxd5 exd5 21.Rab1 Ne5
22.Rb5 Nc4 23.Bc1 d4 24.cxd4 Bxd4 25.Bb3 Bb6 26.Rb4 Ne5 27.Bg5 Kg7 28.Bh4 
Rfe8 29.Rb5 f6 30.a4 Rc3 31.Kh2 Bc7 32.Bg3 h5 33.Kg1 Bb6 34.a5 Bc5 35.Kh2 
g5 36.f4 h4 37.Be1 Rc1 38.fxe5 Rxe5 39.Rb7+ Be7 40.Bb4 Rxf1 41.Rxe7+ Rxe7 
42.Bxe7 Re1 43.Bc5 Re5 44.Bxa7 Rxa5 45.Bd4 Rb5 46.Be6 Rb4 47.Bc3 Re4 48.
Bf5 Rc4 49.Bb2 Rb4 50.Bc3 Rc4 51.Bb2 Rb4 1/2-1/2

[Event "23rd Reykjavik op"]
[Site "Reykjavik ISL"]
[Date "2008.03.05"]
[Round "3.30"]
[White "Arakhamia-Grant, Ketevan"]
[Black "Magnusson, Patrekur Maron"]
[WhiteElo "2457"]
[BlackElo "1785"]
[Result "1-0"]
[EventDate "2008.03.03"]
[PlyCount "95"]

1.e4 c5 2.Nf3 d6 3.d4 cxd4 4.Nxd4 Nf6 5.Nc3 a6 6.f4 e6 7.Be2 Be7 8.O-O O-O
9.a4 Nc6 10.Be3 Qc7 11.Kh1 e5 12.Nb3 Be6 13.Nd5 Bxd5 14.exd5 exf4 15.Rxf4 
Ne5 16.a5 Rac8 17.c4 Nfd7 18.Bd4 Bg5 19.Rf5 Bf6 20.Nd2 g6 21.Rf1 Bg7 22.b4
f5 23.Rc1 Rfe8 24.Nb3 Nf6 25.Bb6 Qe7 26.Nd4 Ne4 27.Ne6 Bh6 28.Rc2 Qh4 29.
Qe1 Qxe1 30.Rxe1 Bd2 31.Rb1 Nc3 32.Rxc3 Bxc3 33.c5 dxc5 34.bxc5 Rxe6 35.
dxe6 Re8 36.Bd1 Nc6 37.Bf3 Kg7 38.Bd5 Nb4 39.Bc4 Nc6 40.Bc7 Nxa5 41.Bxa5 
Bxa5 42.Rxb7+ Kf6 43.Rxh7 Rc8 44.Rf7+ Ke5 45.e7 Re8 46.Bxa6 Ke6 47.Bc4+ 
Ke5 48.Bb5 1-0

[Event "23rd Reykjavik op"]
[Site "Reykjavik ISL"]
[Date "2008.03.05"]
[Round "3.32"]
[White "Lagerman, Robert"]
[Black "Andersson, Christin"]
[WhiteElo "2348"]
[BlackElo "2194"]
[Result "1-0"]
[EventDate "2008.03.03"]
[PlyCount "101"]

1.e4 e6 2.d4 d5 3.Nd2 Nf6 4.e5 Nfd7 5.c3 c5 6.Bd3 Nc6 7.Ngf3 Qb6 8.O-O 
cxd4 9.cxd4 Nxd4 10.Nxd4 Qxd4 11.Nf3 Qb6 12.Qa4 Bc5 13.a3 Be7 14.Bd2 O-O 
15.Ba5 Qxb2 16.Rfb1 Nc5 17.Qd1 Qxa1 18.Rxa1 Bd7 19.Bb4 b6 20.a4 Rfc8 21.
Bb5 Be8 22.Nd4 Rc7 23.a5 Rac8 24.Bxe8 Rxe8 25.Nb5 Rb7 26.Rc1 Rd8 27.Nxa7 
Rxa7 28.axb6 Rb7 29.Bxc5 Bxc5 30.Rxc5 Rxb6 31.h4 h6 32.Rc7 Rb4 33.Qf3 Rf8 
34.g3 Re4 35.Qc3 g6 36.Rd7 Ra8 37.Kg2 h5 38.Qf3 Rf8 39.Qf6 Rc4 40.f3 Rb4 
41.Kh3 Rc4 42.g4 hxg4+ 43.fxg4 Rc3+ 44.Kg2 Rc2+ 45.Kg3 Rc4 46.h5 gxh5 47.
gxh5 Rc3+ 48.Kg4 Rc4+ 49.Kg5 Rc1 50.Kh6 Rg1 51.Rd8 1-0

[Event "23rd Reykjavik op"]
[Site "Reykjavik ISL"]
[Date "2008.03.05"]
[Round "3.33"]
[White "Bergsson, Snorri"]
[Black "Misiuga, Andrzej"]
[WhiteElo "2333"]
[BlackElo "2157"]
[Result "1-0"]
[EventDate "2008.03.03"]
[PlyCount "127"]

1.e4 c6 2.d4 d5 3.e5 Bf5 4.Nc3 e6 5.g4 Bg6 6.Nge2 c5 7.h4 h5 8.Nf4 Bh7 9.
Nxh5 cxd4 10.Qxd4 Nc6 11.Bb5 Ne7 12.Bh6 Qc7 13.Bf4 Bxc2 14.Rc1 O-O-O 15.
Qd2 Bg6 16.Be2 a6 17.Ng3 Kb8 18.h5 Bh7 19.O-O Qa5 20.a3 d4 21.Nce4 Qxd2 
22.Bxd2 d3 23.Bd1 Nd5 24.f4 Be7 25.Nc5 Nd4 26.b4 Nc2 27.Bxc2 dxc2 28.f5 
exf5 29.Nxf5 Bxf5 30.Rxf5 Bxc5+ 31.bxc5 Ne7 32.Rf2 Rd4 33.Rg2 g6 34.h6 Rc4
35.Bg5 Nc6 36.Rcxc2 Rxc2 37.Rxc2 Nd4 38.Rf2 Rh7 39.Be3 Ne6 40.g5 Kc7 41.
Rd2 Rh8 42.Kg2 Rh7 43.Kg3 Rh8 44.Rd6 Re8 45.Bd2 Nf8 46.Rf6 Re7 47.e6 Nxe6 
48.h7 Re8 49.Rxf7+ Kc6 50.Rf6 Kd5 51.Rxe6 Kxe6 52.Bc3 Kf5 53.Bf6 Re3+ 54.
Kg2 Re2+ 55.Kf3 Rh2 56.h8=Q Rxh8 57.Bxh8 Kxg5 58.Ke4 Kg4 59.Be5 Kg5 60.a4 
Kg4 61.a5 Kg5 62.Kd5 Kf5 63.Bh2 g5 64.Kd6 1-0

[Event "23rd Reykjavik op"]
[Site "Reykjavik ISL"]
[Date "2008.03.05"]
[Round "3.35"]
[White "Thorgeirsson, Sverrir"]
[Black "Kjartansson, Gudmundur"]
[WhiteElo "2120"]
[BlackElo "2307"]
[Result "0-1"]
[EventDate "2008.03.03"]
[PlyCount "86"]

1.e4 c6 2.d4 d5 3.Nd2 dxe4 4.Nxe4 Bf5 5.Ng3 Bg6 6.h4 h6 7.h5 Bh7 8.Nf3 Nd7
9.Bd3 Bxd3 10.Qxd3 e6 11.Bd2 Ngf6 12.O-O-O Be7 13.Ne4 O-O 14.Kb1 c5 15.c3 
cxd4 16.Nxd4 Ne5 17.Qe2 Nxe4 18.Qxe4 Nc4 19.Nf3 Rc8 20.Bxh6 Qb6 21.Bc1 Bf6
22.Nd4 Bxd4 23.Rxd4 Na3+ 24.Ka1 Nc2+ 25.Qxc2 Qxd4 26.h6 g6 27.h7+ Kh8 28.
Qe2 Qd5 29.Rd1 Qxg2 30.Bh6 Kxh7 31.Bxf8 Rxf8 32.a3 Qg5 33.Qf3 Qf5 34.Qe3 
Kg7 35.Qxa7 e5 36.a4 Qf4 37.Re1 Rh8 38.a5 Rd8 39.Qc5 Kg8 40.Qxe5 Rd1+ 41.
Rxd1 Qxe5 42.Rd8+ Kg7 43.Ra8 g5 0-1

[Event "23rd Reykjavik op"]
[Site "Reykjavik ISL"]
[Date "2008.03.05"]
[Round "3.36"]
[White "Rebers, Eugene H"]
[Black "Ragnarsson, Johann"]
[WhiteElo "2297"]
[BlackElo "2085"]
[Result "0-1"]
[EventDate "2008.03.03"]
[PlyCount "64"]

1.f4 d5 2.g3 Nf6 3.Bg2 g6 4.Nf3 Bg7 5.O-O O-O 6.d3 c5 7.c3 Nc6 8.Na3 Qc7 
9.Qe1 a6 10.e4 dxe4 11.dxe4 b5 12.e5 Nd5 13.Ng5 Rd8 14.e6 f5 15.Nf7 Bb7 
16.Nxd8 Rxd8 17.Nc2 b4 18.Bd2 a5 19.Ne3 Nb6 20.Rd1 Na4 21.Rb1 Qd6 22.Nd5 
Ba6 23.Rf2 Bd3 24.Qd1 Bxb1 25.Qxb1 Rb8 26.cxb4 Nxb4 27.Bxb4 axb4 28.Re2 c4
29.b3 Nc3 30.Nxc3 bxc3 31.Qc2 Qd3 32.bxc4 Bd4+ 0-1

[Event "23rd Reykjavik op"]
[Site "Reykjavik ISL"]
[Date "2008.03.05"]
[Round "3.38"]
[White "Cross, Ted"]
[Black "Edvardsson, Kristjan"]
[WhiteElo "2079"]
[BlackElo "2261"]
[Result "1-0"]
[EventDate "2008.03.03"]
[PlyCount "99"]

1.e4 c5 2.Nf3 d6 3.d4 cxd4 4.Nxd4 Nf6 5.Nc3 a6 6.Bg5 e6 7.f4 Be7 8.Qf3 Qc7
9.O-O-O Bd7 10.Bd3 Nc6 11.Nce2 Nb4 12.Kb1 O-O 13.g4 Rfc8 14.c3 Nxd3 15.
Rxd3 b5 16.Bxf6 Bxf6 17.g5 Bd8 18.Qh5 e5 19.Nf5 Qc4 20.Qf3 Bxf5 21.exf5 e4
22.Re3 d5 23.Qh5 g6 24.Qh6 gxf5 25.Rh3 Rc6 26.Qxh7+ Kf8 27.Qxf5 Qxe2 28.
Rh8+ Ke7 29.Rh7 Qd3+ 30.Ka1 Kd6 31.Rxf7 Rc7 32.g6 Rxf7 33.Qxf7 e3 34.Qf8+ 
Kd7 35.g7 e2 36.a3 Bf6 37.Qxa8 Qd1+ 38.Rxd1 exd1=Q+ 39.Ka2 Bxg7 40.Qb7+ 
Kd8 41.Qxg7 Qf1 42.Qd4 Ke7 43.h4 Qf3 44.Qa7+ Kf8 45.Qxa6 Qd3 46.Qf6+ Kg8 
47.Qd4 Qf5 48.Kb3 Kh7 49.Qf2 Qd3 50.Qc2 1-0

[Event "23rd Reykjavik op"]
[Site "Reykjavik ISL"]
[Date "2008.03.05"]
[Round "3.39"]
[White "Jackova, Jana"]
[Black "Bjornsson, Sverrir Orn"]
[WhiteElo "2375"]
[BlackElo "2116"]
[Result "1/2-1/2"]
[EventDate "2008.03.03"]
[PlyCount "61"]

1.e4 c5 2.Nf3 e6 3.b3 a6 4.Bb2 Nc6 5.Qe2 Qc7 6.g3 d6 7.Bg2 Nf6 8.d4 cxd4 
9.Nxd4 Bd7 10.O-O Be7 11.c4 O-O 12.Nd2 Nxd4 13.Bxd4 Bc6 14.a4 b6 15.f4 e5 
16.Bb2 Rfe8 17.f5 Qb7 18.g4 Nd7 19.Kh1 b5 20.Ba3 b4 21.Bb2 Nc5 22.Qe3 h6 
23.f6 Bxf6 24.Rxf6 gxf6 25.Rf1 Kg7 26.Bc1 Rh8 27.Qh3 Ne6 28.Qe3 h5 29.Rg1 
Ng5 30.Bf3 h4 31.Kg2 1/2-1/2

[Event "23rd Reykjavik op"]
[Site "Reykjavik ISL"]
[Date "2008.03.05"]
[Round "3.40"]
[White "Gueneau, Christophe"]
[Black "Bjarnason, Oskar"]
[WhiteElo "2126"]
[BlackElo "2290"]
[Result "1-0"]
[EventDate "2008.03.03"]
[PlyCount "104"]

1.c4 e5 2.d3 Nc6 3.Nc3 g6 4.g3 Bg7 5.Bg2 d6 6.Rb1 Be6 7.b4 Qd7 8.b5 Nd8 9.
Bd2 Ne7 10.Qc1 h6 11.Nd5 c6 12.Nxe7 Kxe7 13.Nf3 Kf8 14.bxc6 bxc6 15.Qa3 
Kg8 16.O-O Kh7 17.Bc3 Bg4 18.Rb3 Re8 19.Rfb1 d5 20.Qb2 d4 21.Ba5 e4 22.Nd2
e3 23.Nf3 exf2+ 24.Kxf2 Qf5 25.Bd2 Ne6 26.Qc1 Nc5 27.Ra3 Re6 28.Rb2 Rae8 
29.Bb4 h5 30.Qf4 Qxf4 31.gxf4 Bxf3 32.Bxf3 Rb8 33.Rxa7 Rf6 34.Bxc5 Rxb2 
35.Bxd4 Rxf4 36.Bxb2 Bxb2 37.e3 Rf6 38.d4 g5 39.Ke2 g4 40.Be4+ Kg7 41.Ra5 
Rh6 42.a4 Ba3 43.Ra6 Re6 44.Bg2 Bc1 45.e4 Bf4 46.e5 Bxh2 47.Rxc6 Re7 48.a5
f6 49.e6 Bg1 50.d5 h4 51.Kf1 Bh2 52.Rb6 f5 1-0

[Event "23rd Reykjavik op"]
[Site "Reykjavik ISL"]
[Date "2008.03.05"]
[Round "3.41"]
[White "Almer, Julia"]
[Black "Bjornsson, Bjorn Freyr"]
[WhiteElo "1914"]
[BlackElo "2194"]
[Result "1-0"]
[EventDate "2008.03.03"]
[PlyCount "71"]

1.e4 c5 2.Nf3 d6 3.d4 cxd4 4.Nxd4 Nf6 5.Nc3 a6 6.Be2 e5 7.Nb3 Be7 8.a4 O-O
9.O-O Be6 10.Kh1 Nbd7 11.f4 Rc8 12.f5 Bc4 13.g4 h6 14.g5 hxg5 15.Bxg5 Nxe4
16.Nxe4 Bxg5 17.Nxd6 Bxe2 18.Qxe2 Rc6 19.Rad1 Bf4 20.Rg1 Qf6 21.Qd3 e4 22.
Nxe4 Qxf5 23.Nd4 Qh7 24.Ng3 Rg6 25.Ndf5 Ne5 26.Ne7+ Kh8 27.Nxg6+ fxg6 28.
Qe2 Qh4 29.Rg2 Ng4 30.Nf1 Ne5 31.Nd2 Qh3 32.Rf1 g5 33.Nf3 Rd8 34.Nxe5 Rd2 
35.Ng6+ Kh7 36.Nxf4 1-0

[Event "23rd Reykjavik op"]
[Site "Reykjavik ISL"]
[Date "2008.03.05"]
[Round "3.42"]
[White "Halldorsson, Jon Arni"]
[Black "Vigfusson, Vigfus"]
[WhiteElo "2174"]
[BlackElo "2052"]
[Result "1-0"]
[EventDate "2008.03.03"]
[PlyCount "61"]

1.d4 Nf6 2.Nf3 e6 3.c4 d5 4.Bg5 Be7 5.e3 Nbd7 6.Nc3 c6 7.Qc2 O-O 8.Rd1 Re8
9.a3 a5 10.h3 dxc4 11.Bxc4 b5 12.Bd3 Bb7 13.Ne4 Nxe4 14.Bxe7 Qxe7 15.Bxe4 
Nf6 16.Bd3 b4 17.a4 c5 18.Qxc5 Qxc5 19.dxc5 Rec8 20.Rc1 Rc7 21.O-O Rac8 
22.Nd4 g6 23.Nb3 Nd7 24.Nxa5 Ne5 25.Bb5 Bd5 26.f4 Ra8 27.fxe5 Rxa5 28.Rf4 
b3 29.Rb4 Ra8 30.Rd4 Ra5 31.c6 1-0